000 00425nam a2200169 a 4500
001 0000-9182
003 ELIB.Books
008 110520 1997
035 _a(ELIB.Books)0000-9334
082 _a232
_bJos
100 _aJoseph, James B.
245 _aVictory in Jesus
260 _bLawrenceville: Edmonds Printing Co.
_c1997
650 _aJesus Christ
942 _2ddc
_cBK
998 _cbat
_e2011-05-20
999 _c9182
_d9182